Play on Words : 1001 jeux de mots pour progresser en anglais (notice n° 1994348)

détails MARC
000 -LEADER
fixed length control field 01431cam a2200133 4500500
005 - DATE AND TIME OF LATEST TRANSACTION
control field 20260329050405.0
041 ## - LANGUAGE CODE
Language code of text/sound track or separate title fre
042 ## - AUTHENTICATION CODE
Authentication code dc
100 10 - MAIN ENTRY--PERSONAL NAME
Personal name Geiller, Luc
Relator term author
245 00 - TITLE STATEMENT
Title Play on Words : 1001 jeux de mots pour progresser en anglais
260 ## - PUBLICATION, DISTRIBUTION, ETC.
Name of publisher, distributor, etc. Armand Colin,<br/>
Date of publication, distribution, etc. 2020.<br/>
520 ## - SUMMARY, ETC.
Summary, etc. Les jeux de mots sont un moyen efficace et ludique de se familiariser avec une langue étrangère et d’en assimiler les particularités lexicales, syntaxiques et phonologiques. Moyen mnémotechnique redoutable, en plus d’être divertissant, le jeu de mots repose sur des éléments de la langue qu’il est important de maîtriser  : la polysémie, l’homonymie et l'homophonie, la paronymie (rapport lexical entre deux mots de sens différent mais dont la graphie ou la prononciation sont très proches), etc. Grâce à ce recueil, le lecteur apprend du vocabulaire utile et courant, des expressions idiomatiques, des structures complexes et s’entraîne à bien prononcer. Le classement par thème invite à piocher dans le livre selon son humeur ou ses besoins, mais permet également de retrouver plus facilement un jeu de mots marquant. Chaque jeu de mot est traduit et l’effet comique est explicité. Une liste complémentaire de vocabulaire se rapportant au champ lexical accompagne chaque thématique.
856 41 - ELECTRONIC LOCATION AND ACCESS
Uniform Resource Identifier <a href="https://shs.cairn.info/play-on-words--9782200625597?lang=fr&redirect-ssocas=7080">https://shs.cairn.info/play-on-words--9782200625597?lang=fr&redirect-ssocas=7080</a>

Pas d'exemplaire disponible.

PLUDOC

PLUDOC est la plateforme unique et centralisée de gestion des bibliothèques physiques et numériques de Guinée administré par le CEDUST. Elle est la plus grande base de données de ressources documentaires pour les Étudiants, Enseignants chercheurs et Chercheurs de Guinée.

Adresse

627 919 101/664 919 101

25 boulevard du commerce
Kaloum, Conakry, Guinée

Réseaux sociaux

Powered by Netsen Group @ 2025